Современная японская новелла: сборник; пер. с яп.; Шарик рассыпался; Отраженная луна; Волнистый попугайчик; Блуждающий огонек; Хрустальный башмачок; Ржавое море; Снежная дорога; Сад опавших листьев; Я люблю дождь; Чужие; Сокровенное желание; Томление; Деревянная свадьба; Родник; Мужчина, который возвратился домой; Могила Ван Гога; Свободен, как птица; Золотая рыбка; Нежданные гости; Госпожа Кага Сеногон; Алый цикломен
| 其他作者: | , |
|---|---|
| 語言: | 俄语 |
| 出版: |
Москва, Радуга, 1985
|
| TOC: | Т. Кайко, Шарик рассыпался; Я. Кавабата, Отраженная луна; Я. Иноуэ, Волнистый попугайчик; Т. Миура, Блуждающий огонек; С. Ясуока, Хрустальный башмачок; Д. Есиюки, Ржавое море; Ц. Минаками, Снежная дорога; С. Юки, Сад опавших листьев; Е. Такахаси, Я люблю дождь; Ф. Нива, Чужие; Т. Иноуэ, Сокровенное желание; Т. Такахаси, Томление; Х. Такубо, Деревянная свадьба; К. Харуто, Родник; М. Гото, Мужчина, который возвратился домой; Е. Сибаки, Могила Ван Гога; Е. Марумото, Свободен, как птица; М. Ивакура, Золотая рыбка; С. Курои, Нежданные гости; К. Хата, Госпожа Кага Сеногон; Т. Удо, Алый цикломен; |
| 主題: | |
| 格式: | 圖書 |
| KOHA link: | https://koha.lib.tpu.ru/cgi-bin/koha/opac-detail.pl?biblionumber=375186 |
MARC
| LEADER | 00000nam0a2200000 4500 | ||
|---|---|---|---|
| 001 | 375186 | ||
| 005 | 20231102012719.0 | ||
| 035 | |a (RuTPU)RU\TPU\retro\32625 | ||
| 035 | |a RU\TPU\book\318624 | ||
| 090 | |a 375186 | ||
| 100 | |a 20221220d1985 m y0rusy50 ca | ||
| 101 | 1 | |a rus |c jpn | |
| 102 | |a RU | ||
| 105 | |a y z 001ay | ||
| 200 | 1 | |a Современная японская новелла |e сборник |e пер. с яп. |f сост. Б. Раскина ; авт. предисл. Е. Маевский | |
| 210 | |a Москва |c Радуга |d 1985 | ||
| 215 | |a 400 с. | ||
| 320 | |a Вступительная статья : с. 3-14 | ||
| 464 | |t Шарик рассыпался |f Т. Кайко | ||
| 464 | |t Отраженная луна |f Я. Кавабата | ||
| 464 | |t Волнистый попугайчик |f Я. Иноуэ | ||
| 464 | |t Блуждающий огонек |f Т. Миура | ||
| 464 | |t Хрустальный башмачок |f С. Ясуока | ||
| 464 | |t Ржавое море |f Д. Есиюки | ||
| 464 | |t Снежная дорога |f Ц. Минаками | ||
| 464 | |t Сад опавших листьев |f С. Юки | ||
| 464 | |t Я люблю дождь |f Е. Такахаси | ||
| 464 | |t Чужие |f Ф. Нива | ||
| 464 | |t Сокровенное желание |f Т. Иноуэ | ||
| 464 | |t Томление |f Т. Такахаси | ||
| 464 | |t Деревянная свадьба |f Х. Такубо | ||
| 464 | |t Родник |f К. Харуто | ||
| 464 | |t Мужчина, который возвратился домой |f М. Гото | ||
| 464 | |t Могила Ван Гога |f Е. Сибаки | ||
| 464 | |t Свободен, как птица |f Е. Марумото | ||
| 464 | |t Золотая рыбка |f М. Ивакура | ||
| 464 | |t Нежданные гости |f С. Курои | ||
| 464 | |t Госпожа Кага Сеногон |f К. Хата | ||
| 464 | |t Алый цикломен |f Т. Удо | ||
| 606 | 1 | |a Японская литература |2 stltpush |3 (RuTPU)RU\TPU\subj\21829 |9 46759 | |
| 610 | 1 | |a художественная литература | |
| 610 | 1 | |a новеллы | |
| 610 | 1 | |a 20 век | |
| 675 | |a 895.6 |v 4 | ||
| 702 | 1 | |a Раскина |b Б. |4 220 | |
| 702 | 1 | |a Маевский |b Е. |4 080 | |
| 801 | 1 | |a RU |b 63413507 |c 20150505 | |
| 801 | 2 | |a RU |b 63413507 |c 20221220 |g RCR | |
| 942 | |c BK | ||